02155nam a2200325 a 450000100100000000500170001000800410002704000250006808200280009310000300012124503180015126001060046930000440057550000380061959000260065759000870068360000560077065000260082665000450085265000530089765000750095065000970102571000400112283000940116291000370125695201320129395201960142595201910162199900170181200002660720250131205118.0110324s1955 dr a 000 0 spa d aDO-SdBNPbspacBNPHU a551.7877293bR173p,19551 aRamírez, Ricardo95371210aPaleontología dominicana :bdescripcíon de las formaciones geológicas Baitoa, Cercado, Gurabo y arcilla Mao, y lista de los moluscos y corales fósiles procedentes de ellas que integran la colección preparada para ser exhibida en la Feria de la Paz y Confraternidad del Mundo Llibre /cRicardo Ramírez. aCiudad Trujillo, República Dominicana :bUniversidad de Santo Domingo ;bEditora del Caribe,c1955. a26,[16] p. :bil., Láminas. ;c25 cm. aAño del benefactor de la patria aInventariado, 2019/VM aPublicaciones de la Universidad de Santo DomingoaGeología y geofrafíav103n314aRAMÍREZ, RICARDOd[1884-?]cPALEONTÓLOGO953713 aPaleontología91743 4aGeologíazRepública Dominicana91742 4aMolusco fósileszRepública Dominicana953714 4aHistoria naturazValle Del Cibao (República Dominicana{Rpara}953715 aEspecimenes biológicosxColecciones y conservaciónxInvestigación científicas9537162 aUniversidad de Santo Domingo93776710aPublicaciones de la Universidad de Santo DomingopGeología y geofrafían103n2953717 aValidado. Control de calidad MFF 001050718RVaGRbGRcHDd2011-06-15iLF1l0o551.7877293 R173p,1955p26607-30r2020-06-25te. 3w2020-06-25y1ZNo se presta 001050718RVaPDbPDcHDd2011-03-24iLF1l0o551.7877293 R173p,1955p26607-10r2020-06-25w2020-06-25y1zPerteneció a la biblioteca personal de Carlos Larrazábal Blanco.ZNo se presta 001050718RVaPDbPDcHDd2011-06-15iLF1l0o551.7877293 R173p,1955p26607-20r2020-06-25te. 2w2020-06-25y1zPerteneció a la biblioteca personal de Martínez Boog.ZNo se presta c26099d26099